New species of Vampyrops (<Chiroptera: Phyllostomatidae>) from South America (Registro nro. 10346)

Detalles MARC
000 -CABECERA
Campo de control 006080000a22001810004500
090 ## - CLASIFICACIÓN LOCAL
Colección AR
Consecutivo 01261
041 0# - IDIOMA
Código de idioma para texto/pista de sonido o título separado
100 1# - ASIENTO PRINCIPAL--NOMBRE PERSONAL
Nombre personal Rouk, C. Standley
245 10 - MENCION DE TITULO
Título New species of Vampyrops (<Chiroptera: Phyllostomatidae>) from South America
650 14 - ASIENTO SECUNDARIO DE MATERIA - TERMINO TEMATICO
Término temático o nombre geográfico como elemento de entrada Vampiros
650 14 - ASIENTO SECUNDARIO DE MATERIA - TERMINO TEMATICO
Término temático o nombre geográfico como elemento de entrada Taxonomía animal
650 14 - ASIENTO SECUNDARIO DE MATERIA - TERMINO TEMATICO
Término temático o nombre geográfico como elemento de entrada Morfología animal
651 #4 - ASIENTO SECUNDARIO DE MATERIA - NOMBRE GEOGRAFICO
-- América del Sur
653 ## - TERMINO DE INDIZACION - NO CONTROLADO
-- Phyllostomatidae
-- Vampyrops
-- Vampyrops helleri
700 1# - ASIENTO SECUNDARIO - NOMBRE PERSONAL
Nombre personal Carter, Dilford C.
773 1# - Item fuente:
Título Occasional Papers: Museum of Texas Tech University
Especificación de materiales 430
Descripción física 1
Paginas del Articulo 1-7
Lugar, editorial y fecha de publicación 1972
942 ## - ELEMENTOS ADICIONALES (KOHA)
Tipo de ítem Artículo
Existencias
Withdrawn status Lost status Damaged status No para préstamo Colección Ubicación Permanente Ubicación actual Fecha de adquisición Datos de publicación Seriada Total Checkouts Número topográfico Inventario / Código de Barras Date last seen Ejemplar Price effective from Forma de adquisición Tipo de material
      No para Préstamo Hemeroteca Bogotá Bogotá 27/02/2015 Fuera de circulación   AR 01261 011593 25/03/2015 1 25/03/2015   Artículo